[Event "XXIII Weekend A"]
[Site "Ceriano Laghetto ITA"]
[Date "2014.03.16"]
[Round "5"]
[White "Boschetti, Claudio"]
[Black "Gromovs, Sergejs"]
[WhiteElo "2095"]
[BlackElo "2211"]
[Result "0-1"]
[PlyCount "104"]
[EventDate "2014.03.14"]

1. e4 d6 2. d4 Nf6 3. Nc3 g6 4. Bg5 c6 5. f3 Nbd7 6. Bc4 b5 7. Bd3 b4 8. Nce2
Qa5 9. Qd2 h6 10. Be3 Bg7 11. Nh3 c5 12. Nf2 Qc7 13. c4 bxc3 14. bxc3 h5 15. h4
e5 16. Nh3 O-O 17. d5 c4 18. Bc2 Nc5 19. Nf2 Bd7 20. O-O Rab8 21. Rfb1 a5 22.
Nd1 a4 23. Rb4 Na6 24. a3 Nxb4 25. axb4 Ra8 26. Ra3 Bb5 27. g3 Kh7 28. Kg2 Ng8
29. g4 hxg4 30. fxg4 Nf6 31. Nf2 Bd7 32. g5 Nh5 33. Ng3 Nf4+ 34. Bxf4 exf4 35.
Qxf4 Be5 36. Qf3 Qd8 37. Nf5 f6 38. h5 fxg5 39. hxg6+ Kxg6 40. Ng4 Qe8 41. Nge3
Rc8 42. Ng4 Qf7 43. Ra1 Rh8 44. Nxe5+ dxe5 45. Qg3 Bxf5 46. exf5+ Kf6 47. Be4
Rh4 48. Rxa4 Rxe4 49. Ra6+ Kxf5 50. Qf2+ Rf4 51. Qc2+ e4 52. Re6 Qh5 0-1

[Event "XXIII Weekend A"]
[Site "Ceriano Laghetto ITA"]
[Date "2014.03.16"]
[Round "5"]
[White "Lapiccirella, Daniele"]
[Black "Villa, Giorgio"]
[WhiteElo "2215"]
[BlackElo "1962"]
[Result "1/2-1/2"]
[PlyCount "35"]
[EventDate "2014.03.14"]

1. d4 d5 2. c4 c6 3. Nf3 Nf6 4. e3 e6 5. Bd3 Nbd7 6. O-O Bd6 7. Nbd2 O-O 8. e4
dxe4 9. Nxe4 Nxe4 10. Bxe4 h6 11. Bc2 e5 12. Re1 exd4 13. Qxd4 Nf6 14. Rd1 Bc7
15. Qh4 Qe7 16. Re1 Qd6 17. Rd1 Qe6 18. Re1 1/2-1/2

[Event "XXIII Weekend A"]
[Site "Ceriano Laghetto ITA"]
[Date "2014.03.16"]
[Round "5"]
[White "Moroni, Luca jr"]
[Black "Naumkin, Igor"]
[WhiteElo "2274"]
[BlackElo "2477"]
[Result "0-1"]
[PlyCount "78"]
[EventDate "2014.03.14"]

1. Nf3 Nf6 2. c4 e6 3. g3 d5 4. Bg2 Be7 5. O-O O-O 6. b3 d4 7. e3 c5 8. Bb2 Nc6
9. exd4 cxd4 10. Re1 Re8 11. Ne5 Nxe5 12. Rxe5 Bd6 13. Re1 e5 14. d3 Bg4 15.
Qd2 a5 16. Ba3 Ra7 17. Bxd6 Qxd6 18. Qc2 b6 19. Nd2 Bf5 20. Bf3 h6 21. Rad1
Rae7 22. Kg2 Kh8 23. Ne4 Nxe4 24. dxe4 Bd7 25. Be2 f5 26. f3 Qf6 27. a3 f4 28.
b4 axb4 29. axb4 Rc8 30. Ra1 fxg3 31. hxg3 Qe6 32. g4 Bb5 33. Rec1 Rec7 34. Qb3
Qg8 35. g5 Qd8 36. gxh6 Qg5+ 37. Kf1 Qg3 38. h7 Rc6 39. c5 d3 0-1

[Event "XXIII Weekend A"]
[Site "Ceriano Laghetto ITA"]
[Date "2014.03.16"]
[Round "5"]
[White "Salvador, Roland"]
[Black "Lapiccirella, Mattia"]
[WhiteElo "2462"]
[BlackElo "2171"]
[Result "1/2-1/2"]
[PlyCount "73"]
[EventDate "2014.03.14"]

1. c4 Nf6 2. Nc3 e6 3. e4 d5 4. e5 Nfd7 5. cxd5 exd5 6. d4 c5 7. Nf3 Nc6 8.
dxc5 Bxc5 9. Qxd5 Qb6 10. Bc4 Bxf2+ 11. Ke2 O-O 12. Na4 Qb4 13. Kxf2 Qxa4 14.
b3 Qb4 15. a3 Qc5+ 16. Qxc5 Nxc5 17. b4 Be6 18. Bxe6 Nxe6 19. Bb2 Rfd8 20. Rad1
Rxd1 21. Rxd1 Rd8 22. Rxd8+ Ncxd8 23. Ke3 Kf8 24. g3 Ke7 25. Kd3 Kd7 26. Kc4
Nc6 27. Nd2 Ne7 28. a4 Nc8 29. a5 a6 30. Ne4 Kc6 31. Nc3 b5+ 32. Kd3 Ne7 33.
Ke4 Ng5+ 34. Kf4 Ne6+ 35. Ke4 Ng5+ 36. Kf4 Ne6+ 37. Ke4 1/2-1/2

[Event "XXIII Weekend A"]
[Site "Ceriano Laghetto ITA"]
[Date "2014.03.16"]
[Round "5"]
[White "Sbarra, Marco"]
[Black "Soncin, Denis"]
[WhiteElo "2271"]
[BlackElo "2049"]
[Result "1/2-1/2"]
[PlyCount "104"]
[EventDate "2014.03.14"]

1. d4 Nf6 2. c4 g6 3. Nc3 d5 4. Bf4 Bg7 5. e3 c5 6. dxc5 Qa5 7. Rc1 Ne4 8. cxd5
Nxc3 9. Qd2 Qxa2 10. bxc3 Qxd2+ 11. Kxd2 O-O 12. Bb5 a6 13. Ba4 Bd7 14. Bxb8
Bxa4 15. Bc7 Rfc8 16. Bb6 Kf8 17. Nf3 Bd7 18. Kd3 f5 19. Nd2 a5 20. f4 a4 21.
Nf3 e6 22. d6 Bb5+ 23. c4 Bc6 24. Ng5 Bb2 25. Nxe6+ Ke8 26. Nc7+ Kd7 27. Kc2 a3
28. Kb3 Bxc1 29. Rxc1 Bxg2 30. Ka2 Ra4 31. Nd5 Bxd5 32. cxd5 Rb4 33. Bc7 Rxc7
34. dxc7 Kxc7 35. Kxa3 Re4 36. Rc3 h6 37. c6 bxc6 38. Rxc6+ Kd7 39. Rxg6 Rxe3+
40. Kb4 Re4+ 41. Kc5 Rxf4 42. Rxh6 Rf1 43. Rh7+ Ke8 44. Kd6 f4 45. Rh8+ Kf7 46.
Kd7 f3 47. d6 f2 48. Rh3 Kf6 49. Rf3+ Kg5 50. Rf8 Kg4 51. Kd8 Rd1 52. Rxf2
Rxd6+ 1/2-1/2

[Event "XXIII Weekend B"]
[Site "Ceriano Laghetto ITA"]
[Date "2014.03.14"]
[Round "1"]
[White "Burani, Eugenio"]
[Black "Biava, Pierluigi"]
[WhiteElo "1822"]
[BlackElo "1667"]
[Result "1/2-1/2"]
[PlyCount "76"]
[EventDate "2014.03.14"]

1. e4 c5 2. Nf3 e6 3. d4 cxd4 4. Nxd4 a6 5. c4 Qc7 6. Be2 Nf6 7. Nc3 Nc6 8. O-O
d6 9. Be3 Bd7 10. Rc1 Rc8 11. f4 h5 12. Nxc6 Bxc6 13. Nd5 Qa5 14. Bb6 Qxa2 15.
Nc7+ Kd7 16. e5 Ne8 17. Nxe8 Rxe8 18. b4 Rc8 19. Bf3 Be7 20. Rf2 Qa4 21. exd6
Qxd1+ 22. Rxd1 Bxf3 23. Rxf3 Bd8 24. Bxd8 Rhxd8 25. c5 Rc6 26. Ra3 Rh8 27. Rg3
g6 28. Rg5 Rhc8 29. Ra1 Ra8 30. Ra5 b6 31. cxb6 Rxb6 32. b5 Rxd6 33. Rc5 Rb6
34. bxa6 Rbxa6 35. Rab5 Ke7 36. Rc7+ Kf6 37. Rbb7 Rf8 38. Kf2 Ra2+ 1/2-1/2

[Event "XXIII Weekend B"]
[Site "Ceriano Laghetto ITA"]
[Date "2014.03.14"]
[Round "1"]
[White "Casartelli, Fabio"]
[Black "Greco, Umberto"]
[WhiteElo "1838"]
[BlackElo "1703"]
[Result "1-0"]
[PlyCount "79"]
[EventDate "2014.03.14"]

1. d4 Nf6 2. Nf3 g6 3. c4 Bg7 4. Nc3 O-O 5. e4 d6 6. Be2 c5 7. d5 Nbd7 8. O-O
Ng4 9. Ng5 Ngf6 10. f4 h6 11. Nf3 Ng4 12. h3 Ngf6 13. Be3 a6 14. Qe1 Rb8 15. e5
Ne8 16. Qh4 Nc7 17. Rad1 b5 18. f5 g5 19. Qh5 dxe5 20. Ne4 f6 21. h4 Qe8 22.
Qxe8 Nxe8 23. hxg5 hxg5 24. Bxc5 Nxc5 25. Nxc5 Nd6 26. cxb5 Nxf5 27. Rd2 Ng3
28. bxa6 Nxf1 29. Kxf1 g4 30. Nh4 Bh6 31. Rc2 Bg5 32. Ng6 Rf7 33. Ne6 Bxe6 34.
dxe6 Rg7 35. Bd3 Be3 36. Rc7 Rxb2 37. a7 Bxa7 38. Rxa7 Rd2 39. Ra8+ Kh7 40.
Rh8# 1-0

[Event "XXIII Weekend B"]
[Site "Ceriano Laghetto ITA"]
[Date "2014.03.14"]
[Round "1"]
[White "Colombo, Luca"]
[Black "Ronconi, Fausto"]
[WhiteElo "1826"]
[BlackElo "1700"]
[Result "1-0"]
[PlyCount "63"]
[EventDate "2014.03.14"]

1. e4 e6 2. d4 d5 3. Nd2 dxe4 4. Nxe4 Nd7 5. Nf3 Ngf6 6. Ng3 b6 7. c3 Bb7 8.
Bd3 Be7 9. O-O O-O 10. Qc2 Bxf3 11. gxf3 c5 12. Be3 Rc8 13. Ba6 Ra8 14. Rad1
Nd5 15. Bc1 cxd4 16. Rxd4 Bf6 17. Rg4 Ne5 18. Re4 Nxf3+ 19. Kh1 Bg5 20. Rg4
Bxc1 21. Qxc1 Nf6 22. Rf4 Ne5 23. Rd1 Qc7 24. Rxf6 Qc6+ 25. Kg1 gxf6 26. Qf4
Qf3 27. Qa4 Rad8 28. Rxd8 Rxd8 29. Be2 Qb7 30. Qf4 Qe7 31. Nh5 Ng6 32. Qh6 1-0

[Event "XXIII Weekend B"]
[Site "Ceriano Laghetto ITA"]
[Date "2014.03.14"]
[Round "1"]
[White "Confalonieri, Luca"]
[Black "Cervini, Gian Piero"]
[WhiteElo "1640"]
[BlackElo "1803"]
[Result "0-1"]
[PlyCount "82"]
[EventDate "2014.03.14"]

1. e4 g6 2. d4 Bg7 3. Nc3 d6 4. Bc4 Nf6 5. Be3 O-O 6. f3 c6 7. Qd2 b5 8. Bb3 a5
9. a3 Na6 10. d5 b4 11. axb4 axb4 12. Nce2 cxd5 13. exd5 Bb7 14. Nh3 Nc5 15.
Rxa8 Qxa8 16. Bxc5 dxc5 17. Nhf4 Rd8 18. O-O Nxd5 19. Bxd5 Bxd5 20. Rd1 e6 21.
c4 bxc3 22. Nxc3 Bd4+ 23. Kh1 Bb3 24. Re1 Qa5 25. Nd3 Bxc3 26. bxc3 c4 27. Qb2
Rxd3 28. Ra1 Qd8 29. Kg1 Qb6+ 30. Kf1 Qe3 31. Re1 Qf4 32. Kg1 Rd2 33. Qc1 Qd6
34. Kf1 Qd3+ 35. Kg1 Kg7 36. h3 Rc2 37. Qa1 Qd2 38. Re2 Qxe2 39. Qf1 Qe3+ 40.
Kh2 Qf4+ 41. Kg1 Rc1 0-1

[Event "XXIII Weekend B"]
[Site "Ceriano Laghetto ITA"]
[Date "2014.03.14"]
[Round "1"]
[White "Galli, Agostino"]
[Black "Tarelli, Daniele"]
[WhiteElo "1732"]
[BlackElo "1947"]
[Result "0-1"]
[PlyCount "84"]
[EventDate "2014.03.14"]

1. d4 g6 2. c4 Nf6 3. Nc3 d5 4. Bg5 c6 5. Bxf6 exf6 6. cxd5 cxd5 7. Qb3 Nc6 8.
e3 Bb4 9. Bd3 a5 10. Nge2 a4 11. Qc2 a3 12. O-O axb2 13. Qxb2 Ra3 14. Bb5 Be7
15. Nf4 Be6 16. e4 Qd6 17. exd5 Qxf4 18. dxc6 O-O 19. d5 Bf5 20. Ne2 Qd6 21.
Ng3 Bc8 22. Rfd1 f5 23. Rab1 h5 24. cxb7 Bxb7 25. Bc4 Ba6 26. Bb3 Bf6 27. Qd2
h4 28. Nf1 Be5 29. g3 f4 30. g4 f5 31. h3 fxg4 32. hxg4 Bxf1 33. Rxf1 f3 34.
Qh6 Rf4 35. Qxh4 Qd7 36. d6+ Rxb3 37. Rxb3 Rxg4+ 38. Qg3 Bxg3 39. fxg3 Rxg3+
40. Kf2 Rg2+ 41. Kxf3 Qg4+ 42. Ke3 Re2+ 0-1

[Event "XXIII Weekend B"]
[Site "Ceriano Laghetto ITA"]
[Date "2014.03.14"]
[Round "1"]
[White "Kupresakovic, Marko"]
[Black "Maffeo, Mauro"]
[WhiteElo "1939"]
[BlackElo "1730"]
[Result "0-1"]
[PlyCount "58"]
[EventDate "2014.03.14"]

1. d4 e6 2. c4 f5 3. Nc3 Nf6 4. g3 c6 5. d5 exd5 6. cxd5 d6 7. Bg2 Be7 8. dxc6
Nxc6 9. Nd5 O-O 10. Nxe7+ Nxe7 11. Bxb7 Bxb7 12. Nf3 Bxf3 13. exf3 Qa5+ 14. Bd2
Qe5+ 15. Kf1 Qd5 16. Kg2 Ng6 17. h4 Ne5 18. h5 h6 19. Rh4 Rac8 20. b3 Rc6 21.
Rc1 Rxc1 22. Qxc1 Nxf3 23. Bxh6 Nxh4+ 24. Kh3 gxh6 25. Kxh4 f4 26. gxf4 Qxh5+
27. Kg3 Ne4+ 28. Kg2 Qg4+ 29. Kf1 Qxf4 0-1

[Event "XXIII Weekend B"]
[Site "Ceriano Laghetto ITA"]
[Date "2014.03.14"]
[Round "1"]
[White "Monticelli, Francesco"]
[Black "Viale, Fabio"]
[WhiteElo "1701"]
[BlackElo "1834"]
[Result "0-1"]
[PlyCount "142"]
[EventDate "2014.03.14"]

1. e4 c5 2. c3 Nf6 3. e5 Nd5 4. Nf3 Nc6 5. d4 cxd4 6. cxd4 d6 7. Bc4 Nb6 8. Bb5
dxe5 9. Nxe5 Bd7 10. Nxd7 Qxd7 11. O-O e6 12. Bf4 Nd5 13. Be5 Rc8 14. Nd2 Rg8
15. Rc1 Bd6 16. Nf3 a6 17. Bxd6 Qxd6 18. Bd3 Ke7 19. Re1 h6 20. Nh4 Kd7 21. Nf3
Nf4 22. Bf1 Rgd8 23. Qa4 Ke7 24. g3 Nd5 25. a3 Nb6 26. Qd1 Nxd4 27. Rxc8 Nxc8
28. Nxd4 Qxd4 29. Qb3 Rd7 30. Bh3 Kf8 31. Qc2 Ne7 32. Bg2 b5 33. Qe2 Ng6 34.
Rc1 Ke7 35. Qc2 Ne5 36. Qc8 Ng4 37. Rf1 Qd6 38. Qc3 Qd4 39. Qc8 Kf6 40. b4 Rd6
41. Qc1 Qd2 42. Qa1+ Ke7 43. h3 Nf6 44. Bf3 Rd3 45. Bb7 a5 46. bxa5 Qxa5 47.
Qe5 Rxa3 48. Qc5+ Ke8 49. Bc6+ Nd7 50. Bxd7+ Kxd7 51. Rd1+ Ke8 52. Qd6 g5 53.
Qc6+ Kf8 54. Qd6+ Kg8 55. Qb8+ Kh7 56. Rd8 Kg6 57. Rg8+ Kf6 58. Kg2 b4 59. h4
Qd5+ 60. Kh2 Ra1 61. hxg5+ hxg5 62. Qd8+ Qxd8 63. Rxd8 Ra2 64. Kg2 g4 65. Rd4
b3 66. Rxg4 b2 67. Rb4 Ke5 68. Kf3 Kd5 69. Ke3 Kc5 70. Rb8 Kc4 71. Rc8+ Kb3 0-1

[Event "XXIII Weekend B"]
[Site "Ceriano Laghetto ITA"]
[Date "2014.03.14"]
[Round "1"]
[White "Origgio, Stefano"]
[Black "Podetti, Davide"]
[WhiteElo "1691"]
[BlackElo "1824"]
[Result "0-1"]
[PlyCount "72"]
[EventDate "2014.03.14"]

1. d4 Nf6 2. c4 e6 3. Nc3 Bb4 4. e3 d5 5. Nf3 O-O 6. Bd3 c6 7. O-O Nbd7 8. Qc2
Be7 9. e4 dxe4 10. Nxe4 c5 11. Rd1 Qc7 12. b3 b6 13. Bb2 Bb7 14. Nxf6+ Nxf6 15.
Qe2 Rfd8 16. dxc5 Qxc5 17. Bd4 Qh5 18. Bxf6 Bxf6 19. Rab1 Qg4 20. Ne1 Qg5 21.
Nf3 Qf4 22. Ne1 Bd4 23. g3 Qf6 24. Nc2 Bf3 25. Qf1 Bxd1 26. Rxd1 Rd7 27. Nxd4
Rxd4 28. Bc2 Rxd1 29. Qxd1 Rd8 30. Qe2 Qd4 31. a4 Qc3 32. Qe4 g6 33. Kg2 Rd2
34. Bb1 Qxb3 35. Qe5 Qb2 36. Qb8+ Kg7 0-1

[Event "XXIII Weekend B"]
[Site "Ceriano Laghetto ITA"]
[Date "2014.03.14"]
[Round "1"]
[White "Pinna, Ferdinando"]
[Black "Brioschi, Camillo"]
[WhiteElo "1952"]
[BlackElo "1746"]
[Result "0-1"]
[PlyCount "98"]
[EventDate "2014.03.14"]

1. c4 c5 2. Nf3 Nc6 3. g3 g6 4. Bg2 Bg7 5. Nc3 e6 6. O-O Nge7 7. d3 O-O 8. e4
d6 9. Be3 Nd4 10. Qd2 Nec6 11. Bh6 Rb8 12. Nxd4 Nxd4 13. Rae1 Bxh6 14. Qxh6 Qf6
15. e5 dxe5 16. Ne4 Qg7 17. Qxg7+ Kxg7 18. Nxc5 f6 19. f4 b6 20. Ne4 exf4 21.
Rxf4 e5 22. Rf2 Bb7 23. Nc3 Bxg2 24. Kxg2 b5 25. Nxb5 Nxb5 26. cxb5 Rxb5 27. d4
exd4 28. Re7+ Rf7 29. Rxf7+ Kxf7 30. Kf3 Rf5+ 31. Ke2 Rxf2+ 32. Kxf2 Ke6 33.
Ke2 Kd5 34. Kd3 f5 35. b4 g5 36. a4 f4 37. gxf4 gxf4 38. h4 h5 39. b5 Kc5 40.
Ke4 Kc4 41. a5 Kxb5 42. Kxd4 Kxa5 43. Ke4 Kb4 44. Kxf4 a5 45. Kg5 a4 46. Kxh5
a3 47. Kg6 a2 48. h5 a1=Q 49. h6 Qh8 0-1

[Event "XXIII Weekend B"]
[Site "Ceriano Laghetto ITA"]
[Date "2014.03.14"]
[Round "1"]
[White "Prevedello, Daniele"]
[Black "Reforgiato, Antonio"]
[WhiteElo "1803"]
[BlackElo "1640"]
[Result "1-0"]
[PlyCount "59"]
[EventDate "2014.03.14"]

1. d4 Nf6 2. c4 g6 3. Nc3 Bg7 4. e4 d6 5. f3 O-O 6. Be3 e5 7. Nge2 Nbd7 8. Qd2
Re8 9. d5 c6 10. dxc6 Nc5 11. O-O-O Be6 12. Qxd6 Qxd6 13. Rxd6 Bf8 14. Bxc5
Bxd6 15. Bxd6 bxc6 16. c5 Nd7 17. Kc2 f5 18. Nc1 a5 19. Na4 fxe4 20. fxe4 Bf7
21. Nb6 Ra7 22. Nxd7 Rxd7 23. Be2 Rb7 24. b3 Rb4 25. Bf3 a4 26. Kc3 Rb7 27. b4
Be6 28. a3 h5 29. Nd3 Rf7 30. Nxe5 1-0

[Event "XXIII Weekend B"]
[Site "Ceriano Laghetto ITA"]
[Date "2014.03.14"]
[Round "1"]
[White "Regorda, Vittorio"]
[Black "Guidi, Giacomo G."]
[WhiteElo "1778"]
[BlackElo "1999"]
[Result "0-1"]
[PlyCount "96"]
[EventDate "2014.03.14"]

1. d4 f5 2. g3 Nf6 3. Bg2 e6 4. Nh3 Be7 5. O-O O-O 6. Nc3 d5 7. Nf4 c6 8. e3
Bd6 9. Nd3 Nbd7 10. f4 c5 11. Ne5 a6 12. h3 Ne4 13. Nxe4 fxe4 14. c3 b5 15. Bd2
b4 16. Nxd7 Bxd7 17. dxc5 bxc3 18. cxd6 cxd2 19. Qxd2 Bb5 20. Rf2 Bd3 21. Bf1
Bxf1 22. Raxf1 Qxd6 23. Kg2 h6 24. Qd4 Rac8 25. b3 Rc6 26. Rd2 Rd8 27. Rfd1 Qc7
28. h4 Rc8 29. f5 exf5 30. Qxd5+ Qf7 31. Qxf7+ Kxf7 32. Rf1 Ke6 33. Rfd1 Rc2
34. Kf2 g5 35. hxg5 hxg5 36. g4 f4 37. Ke2 Rxd2+ 38. Rxd2 Rc3 39. exf4 gxf4 40.
Rd4 Ke5 41. Ra4 f3+ 42. Kd2 Rd3+ 43. Kc2 Rd6 44. Ra5+ Kf4 45. Rf5+ Kxg4 46. Rf8
Kg3 47. Rg8+ Kf2 48. Rh8 e3 0-1

[Event "XXIII Weekend B"]
[Site "Ceriano Laghetto ITA"]
[Date "2014.03.14"]
[Round "1"]
[White "Squillante, Michele"]
[Black "Rossi, Giampiero"]
[WhiteElo "1709"]
[BlackElo "1878"]
[Result "1-0"]
[PlyCount "129"]
[EventDate "2014.03.14"]

1. d4 d5 2. Nf3 c6 3. c3 Bf5 4. Bf4 e6 5. e3 Nd7 6. Bd3 Bxd3 7. Qxd3 Ngf6 8.
Nbd2 Be7 9. O-O O-O 10. h3 Qb6 11. Rab1 a5 12. Ne5 Rfd8 13. Nxd7 Rxd7 14. Nf3
Qa6 15. Qxa6 Rxa6 16. Ne5 Rd8 17. f3 Nd7 18. Nxd7 Rxd7 19. Rfe1 a4 20. e4 c5
21. exd5 Rxd5 22. dxc5 Bxc5+ 23. Kf1 Bd6 24. Be3 Bg3 25. Red1 Rad6 26. Rxd5
Rxd5 27. Ke2 Kf8 28. Rd1 Rxd1 29. Kxd1 Ke7 30. Kc2 Kd6 31. b3 axb3+ 32. axb3
Kc6 33. Kd3 g6 34. c4 Bd6 35. g4 f5 36. g5 Bg3 37. f4 e5 38. fxe5 Bxe5 39. Bf2
Bd6 40. Kc3 Bf4 41. h4 Be5+ 42. Kd3 Bh2 43. b4 b5 44. Kd4 Bf4 45. Be1 Bd6 46.
Kd3 Be5 47. Bf2 Bb8 48. Kd4 Bf4 49. Be1 Bh2 50. cxb5+ Kxb5 51. Kd5 Bf4 52. Ke6
h6 53. gxh6 Bxh6 54. Kf6 Bf8 55. Kxg6 f4 56. Kf5 f3 57. Kg4 Bxb4 58. Bf2 Bd2
59. Kxf3 Kc4 60. Ke4 Bh6 61. Bg3 Kc5 62. Kf5 Kd5 63. h5 Be3 64. Bh4 Bd2 65. Bg5
1-0

[Event "XXIII Weekend B"]
[Site "Ceriano Laghetto ITA"]
[Date "2014.03.15"]
[Round "2"]
[White "Biava, Pierluigi"]
[Black "Pinna, Ferdinando"]
[WhiteElo "1667"]
[BlackElo "1952"]
[Result "0-1"]
[PlyCount "124"]
[EventDate "2014.03.14"]

1. e4 e6 2. Qe2 c5 3. g3 Nc6 4. Nf3 g6 5. d3 d6 6. Bd2 Bg7 7. Bc3 Nd4 8. Nxd4
cxd4 9. Bd2 Qb6 10. Bc1 Qc5 11. b3 b5 12. a4 b4 13. Ra2 Ne7 14. Bg2 Bb7 15. O-O
O-O 16. Bd2 a5 17. f4 Rac8 18. Be1 Rfe8 19. Nd2 d5 20. Bh3 dxe4 21. Nxe4 Bxe4
22. Qxe4 Qh5 23. Qg2 Qc5 24. Qe4 Rc7 25. g4 Qd5 26. Bg2 Qxe4 27. Bxe4 Rec8 28.
Rf2 Rc5 29. Re2 Nd5 30. Bxd5 Rxd5 31. Bg3 Rcc5 32. Kf2 h5 33. h3 hxg4 34. hxg4
g5 35. Ra1 gxf4 36. Bxf4 e5 37. Bg3 Bh6 38. Rh1 Kg7 39. Rh5 f6 40. Bh4 Be3+ 41.
Kg3 Rd6 42. Rf5 Kg6 43. Kf3 Rdc6 44. Ke4 Rd6 45. Rg2 Rdc6 46. g5 Kh5 47. gxf6+
Kxh4 48. f7 Bh6 49. Rh2+ Kg3 50. Rfh5 Bf8 51. R2h3+ Kg2 52. Rh2+ Kg3 53. R2h3+
Kf2 54. Rh2+ Kg1 55. Rh1+ Kf2 56. R1h2+ Ke1 57. Rh1+ Kd2 58. R1h2+ Kc1 59. Rxe5
Rxe5+ 60. Kxe5 Bg7+ 61. Kd5 Rf6 62. Kxd4 Rf2+ 0-1

[Event "XXIII Weekend B"]
[Site "Ceriano Laghetto ITA"]
[Date "2014.03.15"]
[Round "2"]
[White "Cervini, Gian Piero"]
[Black "Brioschi, Camillo"]
[WhiteElo "1803"]
[BlackElo "1746"]
[Result "1-0"]
[PlyCount "21"]
[EventDate "2014.03.14"]

1. e4 e5 2. Nf3 Nc6 3. d4 exd4 4. Bc4 Nf6 5. O-O Bc5 6. e5 d5 7. Bb5 Ne4 8.
Nxd4 Bd7 9. Nb3 Qe7 10. Qxd5 Qxe5 11. Bxc6 1-0

[Event "XXIII Weekend B"]
[Site "Ceriano Laghetto ITA"]
[Date "2014.03.15"]
[Round "2"]
[White "Greco, Umberto"]
[Black "Confalonieri, Luca"]
[WhiteElo "1703"]
[BlackElo "1640"]
[Result "1-0"]
[PlyCount "71"]
[EventDate "2014.03.14"]

1. c4 Nf6 2. Nc3 g6 3. Nf3 Bg7 4. g3 d6 5. Bg2 e5 6. d3 Be6 7. O-O Nc6 8. a3
Qd7 9. Re1 h5 10. h4 Nd4 11. Ng5 c6 12. Nxe6 Qxe6 13. b4 Ng4 14. Rb1 Rc8 15. b5
Nf5 16. bxc6 bxc6 17. Qa4 O-O 18. Bxc6 e4 19. Nxe4 Bd4 20. Bd7 Qe5 21. Bf4 Qe7
22. Bxc8 Rxc8 23. Qa6 Rd8 24. Rb7 Qe8 25. Qb5 Qe6 26. Qd5 Qe8 27. e3 Bc5 28.
Bg5 Rb8 29. Rxb8 Qxb8 30. Nf6+ Nxf6 31. Bxf6 Bxa3 32. Qb5 Qa8 33. Rb1 a5 34.
Qb8+ Qxb8 35. Rxb8+ Kh7 36. Rh8# 1-0

[Event "XXIII Weekend B"]
[Site "Ceriano Laghetto ITA"]
[Date "2014.03.15"]
[Round "2"]
[White "Guidi, Giacomo G."]
[Black "Prevedello, Daniele"]
[WhiteElo "1999"]
[BlackElo "1803"]
[Result "1-0"]
[PlyCount "63"]
[EventDate "2014.03.14"]

1. e4 c6 2. d3 d5 3. Nd2 Qc7 4. g3 Nf6 5. h3 e5 6. Bg2 Be6 7. Ngf3 Bd6 8. c3
Na6 9. Qe2 O-O 10. O-O Rad8 11. a4 Rfe8 12. b4 d4 13. cxd4 Nxb4 14. Bb2 Nd7 15.
Ng5 exd4 16. f4 f6 17. Nxe6 Rxe6 18. Rac1 Nc5 19. Nf3 Ncxd3 20. Nxd4 Qb6 21.
Kh2 Ree8 22. Rcd1 Nxb2 23. Qxb2 Bc5 24. Qb3+ Kh8 25. Ne6 Rxd1 26. Rxd1 Na6 27.
Qa2 Be3 28. e5 Nb4 29. Qc4 Nd5 30. Bxd5 cxd5 31. Qxd5 Qxe6 32. Qxe6 1-0

[Event "XXIII Weekend B"]
[Site "Ceriano Laghetto ITA"]
[Date "2014.03.15"]
[Round "2"]
[White "Kupresakovic, Marko"]
[Black "Monticelli, Francesco"]
[WhiteElo "1939"]
[BlackElo "1701"]
[Result "1-0"]
[PlyCount "73"]
[EventDate "2014.03.14"]

1. Nf3 d5 2. d4 Nf6 3. c4 c6 4. Nc3 e6 5. cxd5 exd5 6. e3 Bd6 7. Bd3 O-O 8. Qc2
Qc7 9. h3 b6 10. a3 Nbd7 11. b4 a5 12. b5 c5 13. Bb2 Bb7 14. dxc5 Nxc5 15. Rc1
Nxd3+ 16. Qxd3 Qd7 17. O-O Rac8 18. Rfd1 Rfd8 19. Na4 Bc7 20. Ng5 d4 21. Bxd4
Qd5 22. Nf3 Ne4 23. Qe2 Qe6 24. Qb2 Qg6 25. Rc2 Nd2 26. Rdxd2 Bxf3 27. g3 Bxg3
28. fxg3 Qxg3+ 29. Rg2 Bxg2 30. Rxg2 Qe1+ 31. Kh2 g6 32. Bh8 Kf8 33. Bg7+ Kg8
34. Bh6 f6 35. Qxf6 Rd7 36. Qe6+ Kh8 37. Qxd7 1-0

[Event "XXIII Weekend B"]
[Site "Ceriano Laghetto ITA"]
[Date "2014.03.15"]
[Round "2"]
[White "Maffeo, Mauro"]
[Black "Burani, Eugenio"]
[WhiteElo "1730"]
[BlackElo "1822"]
[Result "1/2-1/2"]
[PlyCount "77"]
[EventDate "2014.03.14"]

1. d4 Nf6 2. e3 c5 3. f4 b6 4. Nf3 Bb7 5. Bd3 Nc6 6. a3 g6 7. O-O Bg7 8. c3 O-O
9. Qe1 d5 10. Nbd2 Qc7 11. Ne5 Nxe5 12. fxe5 Ne4 13. Qh4 f5 14. Nf3 Bc8 15. Bd2
h6 16. Kh1 g5 17. Qe1 c4 18. Bxe4 fxe4 19. Ng1 Bg4 20. Qg3 Qd7 21. h3 Bh5 22.
Rae1 e6 23. Qh2 Rf7 24. Rxf7 Qxf7 25. g4 Bg6 26. Re2 Rf8 27. Be1 Qf1 28. Qg2
Qxg2+ 29. Kxg2 Be8 30. Rf2 Ba4 31. Rxf8+ Bxf8 32. Ne2 Bd1 33. Ng3 Be7 34. Bd2
Kf7 35. Kf2 Kg6 36. Ke1 Bf3 37. Kf2 Bd1 38. Ke1 Bf3 39. Kf2 1/2-1/2

[Event "XXIII Weekend B"]
[Site "Ceriano Laghetto ITA"]
[Date "2014.03.15"]
[Round "2"]
[White "Podetti, Davide"]
[Black "Casartelli, Fabio"]
[WhiteElo "1824"]
[BlackElo "1838"]
[Result "1-0"]
[PlyCount "87"]
[EventDate "2014.03.14"]

1. e4 e5 2. Nf3 Nf6 3. Nxe5 d6 4. Nf3 Nxe4 5. d4 d5 6. Bd3 Bg4 7. O-O Be7 8. c4
Nf6 9. Nbd2 Nc6 10. Qb3 Nb4 11. Ne5 Nxd3 12. Qxd3 Be6 13. b3 O-O 14. Bb2 Re8
15. Rfe1 c6 16. Nf1 Bb4 17. Bc3 Bxc3 18. Qxc3 Ne4 19. Qb4 Qc7 20. f3 c5 21.
dxc5 Qxe5 22. fxe4 dxc4 23. Nd2 cxb3 24. Nf3 Qc7 25. axb3 a5 26. Qc3 Bd7 27.
Nd4 Re5 28. b4 Rh5 29. h3 Qe5 30. Ne2 Qg5 31. Qg3 a4 32. Qxg5 Rxg5 33. Ra3 b6
34. Rd1 Bc6 35. Rd6 Bxe4 36. Rxa4 Rb8 37. c6 Rc8 38. c7 Rd5 39. Rxb6 Re5 40.
Nc3 Bf5 41. Rb8 Ree8 42. Raa8 Kf8 43. Nd5 Bd7 44. Nb6 1-0

[Event "XXIII Weekend B"]
[Site "Ceriano Laghetto ITA"]
[Date "2014.03.15"]
[Round "2"]
[White "Reforgiato, Antonio"]
[Black "Galli, Agostino"]
[WhiteElo "1640"]
[BlackElo "1732"]
[Result "0-1"]
[PlyCount "82"]
[EventDate "2014.03.14"]

1. d4 Nf6 2. Nf3 e6 3. Bf4 c5 4. c3 Nc6 5. e3 d5 6. Nbd2 Bd6 7. dxc5 Bxc5 8.
Be2 Bd6 9. Bg5 h6 10. Bh4 Be7 11. O-O O-O 12. Rc1 a6 13. a4 Nd7 14. Bg3 Bf6 15.
e4 d4 16. cxd4 Nxd4 17. e5 Nxe2+ 18. Qxe2 Be7 19. Rfd1 Qa5 20. b3 Nb6 21. Nc4
Nxc4 22. Qxc4 b5 23. Qc7 Qxc7 24. Rxc7 Bd8 25. Rcc1 Bb7 26. Nd4 bxa4 27. bxa4
Bd5 28. Nc6 Kh7 29. Nxd8 Rfxd8 30. a5 Bc4 31. h4 Rxd1+ 32. Rxd1 Bd5 33. f4 Rb8
34. Bf2 Rb2 35. Ra1 Kg6 36. g4 h5 37. g5 Kf5 38. Rc1 Kxf4 39. Rf1 Kg4 40. Bd4
Rg2+ 41. Kh1 Kh3 0-1

[Event "XXIII Weekend B"]
[Site "Ceriano Laghetto ITA"]
[Date "2014.03.15"]
[Round "2"]
[White "Ronconi, Fausto"]
[Black "Regorda, Vittorio"]
[WhiteElo "1700"]
[BlackElo "1778"]
[Result "1-0"]
[PlyCount "127"]
[EventDate "2014.03.14"]

1. d4 d5 2. c4 c6 3. cxd5 cxd5 4. Bf4 Nc6 5. Nf3 e6 6. Nc3 a6 7. e3 Qb6 8. Qb3
Qxb3 9. axb3 Bd7 10. Nb5 Rc8 11. Nd6+ Bxd6 12. Bxd6 Nf6 13. Bd3 Na7 14. O-O Bb5
15. Ne5 Bxd3 16. Nxd3 Ne4 17. Bc5 Nxc5 18. Nxc5 Rc7 19. b4 Ke7 20. Rfc1 Rhc8
21. g3 Nc6 22. Nd3 Nd8 23. Rc5 f6 24. Kg2 Kd6 25. b5 axb5 26. Rxb5 Rc2 27. Nc5
Kc6 28. Rb3 Rb8 29. Ra6+ bxa6 30. Rxb8 Kc7 31. Nxa6+ Kd7 32. b4 Rc8 33. Rb5 Kd6
34. Rc5 Rxc5 35. bxc5+ Kc6 36. Nb4+ Kb5 37. Nd3 Kc4 38. Nf4 e5 39. Nh5 exd4 40.
exd4 Kxd4 41. Nxg7 Kxc5 42. Kf3 d4 43. Ke2 Kc4 44. Kd2 Nf7 45. Nf5 Kd5 46. f4
Ke4 47. Ne7 Nd6 48. Ng8 Nc4+ 49. Kd1 Ne3+ 50. Kd2 Nd5 51. Nh6 d3 52. Ng4 Kf3
53. Nh6 Nb4 54. Ng8 f5 55. Nf6 h6 56. Ng8 Kg2 57. Nxh6 Kxh2 58. Nxf5 Kh3 59.
Kc3 Kg4 60. Kxb4 Kf3 61. Kc3 Ke2 62. Nd4+ Ke3 63. Nb3 Ke4 64. Nd2+ 1-0